| 000 | 00448nam a22001697a 4500 | ||
|---|---|---|---|
| 003 | CEME | ||
| 005 | 20210628202233.0 | ||
| 008 | 210301b xxu||||| |||| 00| 0 eng d | ||
| 040 | _c. | ||
| 082 | _a891.4393 TAR | ||
| 100 |
_aTariq Ismail Sagar, Tariq Ismail Tariq Ismail Sagar _958935 |
||
| 245 | _aAey rahey haq key shahedoo | ||
| 260 |
_aPDF _bSKEIKH BROTHERS _c2001 |
||
| 300 | _a328P | ||
| 650 |
_aURDU ADAB-NOVEL _920918 |
||
| 942 |
_cBK _2ddc |
||
| 999 |
_c569005 _d569005 |
||